Riconosci il Pokémon - Quiz n°847 - Statistics

Statistiche generali
  • Questo quiz è stato fatto 17 volte
  • Il punteggio medio è 8 su 10
Statistiche sulle risposte
Indizio Risposta % Corretto
Tipo Acqua / Buio
100%
Stadio evoluzione Prima evoluzione
100%
Generazione Terza
100%
Altezza 1,8 m; 2,5 m (Megaevoluzione)
81%
Sesso 50% ♂, 50% ♀
75%
Tasso di cattura 60 (14.8%)
75%
Peso 88,8 kg; 130,3 kg (Megaevoluzione)
75%
Abilità Cartavetro; Acceleratore; Ferromascella (Megaevoluzione)
75%
Tasso di allevamento Lento
75%
Pokémon Sharpedo
75%
Nessun quiz corrispondente trovato
Distribuzione punteggi
Percentuale di utenti per punteggio
Percentile per numero di risposta
I tuoi punteggi nel tempo
Non hai fatto questo quiz